[Event "GS Open"]
[Site "Riga, Latvia"]
[Date "2021.11.03"]
[Round "7.4"]
[White "Caruana Fabiano  (USA)"]
[Black "Sevian Samuel  (USA)"]
[Result "1/2-1/2"]
[WhiteElo "2800"]
[BlackElo "2654"]

1. d4 {[%clk 01:40:56]} {[%emt 00:00:04]} Nf6 {[%clk 01:40:49]} {[%emt
00:00:11]} 2. c4 {[%clk 01:41:21]} {[%emt 00:00:05]} e6 {[%clk 01:41:09]}
{[%emt 00:00:10]} 3. Nc3 {[%clk 01:41:42]} {[%emt 00:00:09]} Bb4 {[%clk
01:41:26]} {[%emt 00:00:13]} 4. f3 {[%clk 01:42:05]} {[%emt 00:00:08]} c5
{[%clk 01:41:29]} {[%emt 00:00:26]} 5. d5 {[%clk 01:42:28]} {[%emt 00:00:07]}
O-O {[%clk 01:40:51]} {[%emt 00:01:09]} 6. e4 {[%clk 01:42:53]} {[%emt
00:00:06]} d6 {[%clk 01:40:08]} {[%emt 00:01:13]} 7. Nge2 {[%clk 01:43:10]}
{[%emt 00:00:12]} b5 {[%clk 01:39:10]} {[%emt 00:01:28]} 8. Nf4 {[%clk
01:42:40]} {[%emt 00:01:00]} exd5 {[%clk 01:34:08]} {[%emt 00:05:32]} 9. Nfxd5
{[%clk 01:42:46]} {[%emt 00:00:24]} Nxd5 {[%clk 01:24:43]} {[%emt 00:09:55]} 10.
Qxd5 {[%clk 01:43:10]} {[%emt 00:00:07]} Qb6 {[%clk 01:25:09]} {[%emt
00:00:04]} 11. cxb5 {[%clk 01:43:26]} {[%emt 00:00:13]} Bb7 {[%clk 01:23:48]}
{[%emt 00:01:52]} 12. Qd2 {[%clk 01:43:49]} {[%emt 00:00:07]} d5 {[%clk
01:19:50]} {[%emt 00:04:29]} 13. a3 {[%clk 01:41:43]} {[%emt 00:02:36]} Bxc3
{[%clk 01:09:22]} {[%emt 00:10:57]} 14. Qxc3 {[%clk 01:40:53]} {[%emt
00:01:20]} d4 {[%clk 01:05:04]} {[%emt 00:04:48]} 15. Qc2 {[%clk 01:17:26]}
{[%emt 00:23:58]} a6 {[%clk 01:01:15]} {[%emt 00:04:19]} 16. bxa6 {[%clk
01:14:56]} {[%emt 00:03:00]} Bxa6 {[%clk 00:59:12]} {[%emt 00:02:34]} 17. Bxa6
{[%clk 01:13:01]} {[%emt 00:02:24]} Qxa6 {[%clk 00:54:18]} {[%emt 00:05:25]} 18.
Qxc5 {[%clk 00:31:28]} {[%emt 00:42:02]} Rc8 {[%clk 00:43:57]} {[%emt
00:10:51]} 19. Qd5 {[%clk 00:31:52]} {[%emt 00:00:05]} Ra7 {[%clk 00:18:46]}
{[%emt 00:25:41]} 20. Bd2 {[%clk 00:28:50]} {[%emt 00:03:32]} Rac7 {[%clk
00:18:17]} {[%emt 00:00:59]} 21. Rd1 {[%clk 00:17:07]} {[%emt 00:12:12]} Rc2
{[%clk 00:16:54]} {[%emt 00:01:53]} 22. Qxd4 {[%clk 00:17:15]} {[%emt
00:00:23]} Nc6 {[%clk 00:16:59]} {[%emt 00:00:25]} 23. Qe3 {[%clk 00:16:05]}
{[%emt 00:01:40]} Rxb2 {[%clk 00:14:54]} {[%emt 00:02:34]} 24. Bc3 {[%clk
00:11:33]} {[%emt 00:05:02]} Rc2 {[%clk 00:12:43]} {[%emt 00:02:41]} 25. Rf1
{[%clk 00:08:32]} {[%emt 00:03:31]} Qxa3 {[%clk 00:03:47]} {[%emt 00:09:26]} 26.
Bd2 {[%clk 00:08:58]} {[%emt 00:00:04]} Qxe3+ {[%clk 00:02:16]} {[%emt
00:02:01]} 27. Bxe3 {[%clk 00:09:22]} {[%emt 00:00:05]} Rxg2 {[%clk 00:02:43]}
{[%emt 00:00:04]} 28. Rd2 {[%clk 00:09:47]} {[%emt 00:00:05]} Rxd2 {[%clk
00:02:56]} {[%emt 00:00:17]} 29. Kxd2 {[%clk 00:10:13]} {[%emt 00:00:04]} Ne5
{[%clk 00:03:11]} {[%emt 00:00:15]} 30. Bf4 {[%clk 00:10:31]} {[%emt 00:00:13]}
f6 {[%clk 00:02:54]} {[%emt 00:00:47]} 31. Bg3 {[%clk 00:10:23]} {[%emt
00:00:37]} Kf7 {[%clk 00:03:02]} {[%emt 00:00:22]} 32. f4 {[%clk 00:10:24]}
{[%emt 00:00:29]} Nc4+ {[%clk 00:03:29]} {[%emt 00:00:03]} 33. Kd3 {[%clk
00:10:38]} {[%emt 00:00:15]} Nb2+ {[%clk 00:03:15]} {[%emt 00:00:44]} 34. Ke3
{[%clk 00:10:36]} {[%emt 00:00:32]} Nc4+ {[%clk 00:03:42]} {[%emt 00:00:04]} 35.
Kd3 {[%clk 00:10:40]} {[%emt 00:00:26]} Nb2+ {[%clk 00:04:08]} {[%emt
00:00:04]} 36. Ke3 {[%clk 00:11:08]} {[%emt 00:00:02]} Nc4+ {[%clk 00:04:35]}
{[%emt 00:00:04]} 1/2-1/2

[Event "GS Open"]
[Site "Riga, Latvia"]
[Date "2021.11.03"]
[Round "7.7"]
[White "Navara David  (CZE)"]
[Black "Sarana Alexey  (RUS)"]
[Result "1/2-1/2"]
[WhiteElo "2691"]
[BlackElo "2649"]

1. e4 {[%clk 01:40:58]} c5 {[%clk 01:40:54]} {[%emt 00:00:07]} 2. Nf3 {[%clk
01:41:22]} {[%emt 00:00:05]} d6 {[%clk 01:41:21]} {[%emt 00:00:04]} 3. Bb5+
{[%clk 01:41:44]} {[%emt 00:00:07]} Nd7 {[%clk 01:40:47]} {[%emt 00:01:05]} 4.
d4 {[%clk 01:42:02]} {[%emt 00:00:12]} cxd4 {[%clk 01:40:45]} {[%emt 00:00:32]}
5. Nxd4 {[%clk 01:42:23]} {[%emt 00:00:09]} Ngf6 {[%clk 01:34:18]} {[%emt
00:06:57]} 6. O-O {[%clk 01:42:32]} {[%emt 00:00:21]} e6 {[%clk 01:34:17]}
{[%emt 00:00:32]} 7. Re1 {[%clk 01:39:23]} {[%emt 00:03:39]} Be7 {[%clk
01:34:00]} {[%emt 00:00:47]} 8. Bf1 {[%clk 01:38:26]} {[%emt 00:01:25]} O-O
{[%clk 01:17:38]} {[%emt 00:16:53]} 9. c4 {[%clk 01:38:18]} {[%emt 00:00:39]}
Qc7 {[%clk 01:18:04]} {[%emt 00:00:03]} 10. Nc3 {[%clk 01:38:28]} {[%emt
00:00:20]} a6 {[%clk 01:17:59]} {[%emt 00:00:36]} 11. Be3 {[%clk 01:29:17]}
{[%emt 00:09:41]} b6 {[%clk 01:17:59]} {[%emt 00:00:30]} 12. Rc1 {[%clk
01:28:45]} {[%emt 00:01:02]} Bb7 {[%clk 01:18:22]} {[%emt 00:00:08]} 13. f3
{[%clk 01:28:58]} {[%emt 00:00:16]} Rac8 {[%clk 01:17:38]} {[%emt 00:01:14]} 14.
a3 {[%clk 01:25:12]} {[%emt 00:04:17]} Qb8 {[%clk 01:14:56]} {[%emt 00:03:12]}
15. b4 {[%clk 01:23:29]} {[%emt 00:02:12]} Kh8 {[%clk 01:14:07]} {[%emt
00:01:19]} 16. Kh1 {[%clk 01:16:58]} {[%emt 00:07:01]} Rg8 {[%clk 01:13:54]}
{[%emt 00:00:44]} 17. Qd2 {[%clk 01:16:51]} {[%emt 00:00:37]} Bd8 {[%clk
01:12:50]} {[%emt 00:01:33]} 18. Red1 {[%clk 00:57:38]} {[%emt 00:19:43]} Bc7
{[%clk 01:10:23]} {[%emt 00:02:58]} 19. b5 {[%clk 00:56:56]} {[%emt 00:01:12]}
Bd8 {[%clk 00:45:50]} {[%emt 00:25:03]} 20. bxa6 {[%clk 00:54:36]} {[%emt
00:02:51]} Bxa6 {[%clk 00:46:18]} {[%emt 00:00:01]} 21. Ndb5 {[%clk 00:53:52]}
{[%emt 00:01:14]} Be7 {[%clk 00:46:43]} {[%emt 00:00:05]} 22. Nxd6 {[%clk
00:46:40]} {[%emt 00:07:42]} Bxd6 {[%clk 00:47:12]} {[%emt 00:00:02]} 23. Qxd6
{[%clk 00:46:58]} {[%emt 00:00:12]} Qxd6 {[%clk 00:47:40]} {[%emt 00:00:02]} 24.
Rxd6 {[%clk 00:47:15]} {[%emt 00:00:12]} Bxc4 {[%clk 00:48:07]} {[%emt
00:00:03]} 25. Rdd1 {[%clk 00:29:27]} {[%emt 00:18:18]} Bxf1 {[%clk 00:38:37]}
{[%emt 00:10:01]} 26. Rxf1 {[%clk 00:29:22]} {[%emt 00:00:35]} Ra8 {[%clk
00:34:55]} {[%emt 00:04:11]} 27. Nb5 {[%clk 00:28:46]} {[%emt 00:01:05]} Rgb8
{[%clk 00:31:36]} {[%emt 00:03:49]} 28. Rc7 {[%clk 00:25:00]} {[%emt 00:04:17]}
Kg8 {[%clk 00:29:37]} {[%emt 00:02:30]} 29. Kg1 {[%clk 00:18:48]} {[%emt
00:06:42]} h6 {[%clk 00:28:42]} {[%emt 00:01:26]} 30. Kf2 {[%clk 00:17:52]}
{[%emt 00:01:25]} Nc5 {[%clk 00:28:45]} {[%emt 00:00:27]} 31. Ke2 {[%clk
00:16:12]} {[%emt 00:02:09]} Rc8 {[%clk 00:27:19]} {[%emt 00:01:50]} 32. Bxc5
{[%clk 00:12:05]} {[%emt 00:04:45]} bxc5 {[%clk 00:27:47]} {[%emt 00:00:02]} 33.
Rxc8+ {[%clk 00:12:23]} {[%emt 00:00:12]} Rxc8 {[%clk 00:28:16]} {[%emt
00:00:02]} 34. a4 {[%clk 00:12:23]} {[%emt 00:00:29]} Ra8 {[%clk 00:28:37]}
{[%emt 00:00:09]} 35. Ra1 {[%clk 00:10:41]} {[%emt 00:02:13]} Ra5 {[%clk
00:28:05]} {[%emt 00:01:02]} 36. Nd6 {[%clk 00:10:56]} {[%emt 00:00:14]} Nd7
{[%clk 00:28:31]} {[%emt 00:00:05]} 37. Nc4 {[%clk 00:11:08]} {[%emt 00:00:16]}
Ra7 {[%clk 00:28:20]} {[%emt 00:00:42]} 38. a5 {[%clk 00:10:02]} {[%emt
00:01:36]} Nb8 {[%clk 00:28:38]} {[%emt 00:00:13]} 39. Ne5 {[%clk 00:02:25]}
{[%emt 00:08:06]} f6 {[%clk 00:29:06]} {[%emt 00:00:02]} 40. Rb1 {[%clk
00:00:52]} {[%emt 00:02:03]} Ra8 {[%clk 00:28:58]} {[%emt 00:00:39]} 41. Nc4
{[%clk 00:50:02]} {[%emt 00:01:19]} Nc6 {[%clk 01:18:44]} {[%emt 00:00:44]} 42.
Ke1 {[%clk 00:47:46]} {[%emt 00:02:45]} Nb4 {[%clk 01:16:06]} {[%emt 00:03:09]}
43. Rd1 {[%clk 00:45:04]} {[%emt 00:03:11]} Nc6 {[%clk 01:16:16]} {[%emt
00:00:21]} 44. Rb1 {[%clk 00:44:59]} {[%emt 00:00:36]} Nb4 {[%clk 01:16:40]}
{[%emt 00:00:05]} 45. Kd2 {[%clk 00:45:14]} {[%emt 00:00:14]} Rd8+ {[%clk
01:15:22]} {[%emt 00:01:48]} 46. Kc3 {[%clk 00:35:10]} {[%emt 00:10:34]} Rd3+
{[%clk 01:15:12]} {[%emt 00:00:41]} 47. Kb2 {[%clk 00:35:35]} {[%emt 00:00:05]}
Kf8 {[%clk 01:14:50]} {[%emt 00:00:52]} 48. Ra1 {[%clk 00:34:10]} {[%emt
00:01:55]} Na6 {[%clk 01:15:16]} {[%emt 00:00:04]} 49. Kc2 {[%clk 00:32:32]}
{[%emt 00:02:08]} Nb4+ {[%clk 01:15:44]} {[%emt 00:00:02]} 50. Kb2 {[%clk
00:32:51]} {[%emt 00:00:11]} Na6 {[%clk 01:16:13]} {[%emt 00:00:02]} 51. Ra3
{[%clk 00:32:15]} {[%emt 00:01:06]} Rd4 {[%clk 01:12:07]} {[%emt 00:04:35]} 52.
Kc3 {[%clk 00:31:44]} {[%emt 00:01:01]} Rd1 {[%clk 01:10:11]} {[%emt 00:02:26]}
53. Ne3 {[%clk 00:23:27]} {[%emt 00:08:47]} Rc1+ {[%clk 01:09:58]} {[%emt
00:00:43]} 54. Kb2 {[%clk 00:21:08]} {[%emt 00:02:49]} Re1 {[%clk 01:10:25]}
{[%emt 00:00:03]} 55. Rb3 {[%clk 00:15:17]} {[%emt 00:06:21]} Nb4 {[%clk
01:00:41]} {[%emt 00:10:14]} 56. Nc2 {[%clk 00:11:26]} {[%emt 00:04:20]} Nxc2
{[%clk 00:58:32]} {[%emt 00:02:40]} 57. Kxc2 {[%clk 00:11:42]} {[%emt
00:00:14]} Ra1 {[%clk 00:58:57]} {[%emt 00:00:05]} 58. Rb5 {[%clk 00:11:14]}
{[%emt 00:00:57]} c4 {[%clk 00:59:25]} {[%emt 00:00:03]} 59. Kc3 {[%clk
00:11:04]} {[%emt 00:00:40]} Ra4 {[%clk 00:59:53]} {[%emt 00:00:02]} 60. h4
{[%clk 00:07:52]} {[%emt 00:03:42]} g5 {[%clk 00:54:31]} {[%emt 00:05:51]} 61.
h5 {[%clk 00:03:38]} {[%emt 00:04:43]} Ke7 {[%clk 00:54:47]} {[%emt 00:00:14]}
62. Kd4 {[%clk 00:11:13]} {[%emt 00:07:55]} Kd7 {[%clk 00:52:21]} {[%emt
00:17:56]} 63. Rb7+ {[%clk 00:08:33]} {[%emt 00:03:10]} Ke8 {[%clk 00:52:31]}
{[%emt 00:00:21]} 64. Ra7 {[%clk 00:07:50]} {[%emt 00:01:13]} e5+ {[%clk
00:51:06]} {[%emt 00:01:55]} 65. Kc3 {[%clk 00:06:52]} {[%emt 00:01:27]} Kf8
{[%clk 00:51:28]} {[%emt 00:00:09]} 66. Ra8+ {[%clk 00:03:49]} {[%emt
00:03:33]} Kg7 {[%clk 00:51:48]} {[%emt 00:00:10]} 67. Ra7+ {[%clk 00:02:03]}
{[%emt 00:02:16]} Kg8 {[%clk 00:52:15]} {[%emt 00:00:02]} 68. Ra8+ {[%clk
00:02:27]} {[%emt 00:00:06]} Kg7 {[%clk 00:52:43]} {[%emt 00:00:03]} 69. Kb2
{[%clk 00:02:49]} {[%emt 00:00:08]} Kf7 {[%clk 00:50:32]} {[%emt 00:02:41]} 70.
Ra7+ {[%clk 00:01:25]} {[%emt 00:01:55]} Kg8 {[%clk 00:50:56]} {[%emt
00:00:05]} 71. Ra6 {[%clk 00:01:32]} {[%emt 00:00:23]} Kf7 {[%clk 00:51:15]}
{[%emt 00:00:11]} 72. Ra8 {[%clk 00:01:33]} {[%emt 00:00:28]} Kg7 {[%clk
00:51:27]} {[%emt 00:00:19]} 73. a6 {[%clk 00:01:20]} {[%emt 00:00:43]} Kh7
{[%clk 00:51:05]} {[%emt 00:00:52]} 74. Kc3 {[%clk 00:01:41]} {[%emt 00:00:09]}
Kg7 {[%clk 00:51:04]} {[%emt 00:00:31]} 75. a7 {[%clk 00:02:06]} {[%emt
00:00:05]} g4 {[%clk 00:50:43]} {[%emt 00:00:52]} 76. fxg4 {[%clk 00:02:30]}
{[%emt 00:00:06]} Kh7 {[%clk 00:51:12]} 77. Rf8 {[%clk 00:01:48]} {[%emt
00:01:12]} Rxa7 {[%clk 00:51:40]} {[%emt 00:00:02]} 78. Rxf6 {[%clk 00:02:11]}
{[%emt 00:00:06]} Rd7 {[%clk 00:52:05]} {[%emt 00:00:05]} 79. Rc6 {[%clk
00:00:38]} {[%emt 00:02:03]} Rd3+ {[%clk 00:51:05]} {[%emt 00:01:31]} 80. Kb4
{[%clk 00:01:04]} {[%emt 00:00:05]} Re3 {[%clk 00:37:56]} {[%emt 00:13:38]} 81.
Rxc4 {[%clk 00:01:20]} {[%emt 00:00:13]} Kg7 {[%clk 00:38:23]} {[%emt
00:00:04]} 82. Kb5 {[%clk 00:00:46]} {[%emt 00:01:04]} Kf6 {[%clk 00:38:09]}
{[%emt 00:00:43]} 83. Rc6+ {[%clk 00:00:49]} {[%emt 00:00:27]} Kg5 {[%clk
00:38:38]} {[%emt 00:00:02]} 84. Rg6 {[%clk 00:00:58]} {[%emt 00:00:20]} Kh4
{[%clk 00:39:06]} {[%emt 00:00:02]} 85. Rxh6 {[%clk 00:00:41]} {[%emt
00:00:47]} Kxg4 {[%clk 00:39:27]} {[%emt 00:00:10]} 86. Re6 {[%clk 00:00:33]}
{[%emt 00:00:37]} Rxe4 {[%clk 00:39:48]} {[%emt 00:00:09]} 87. h6 {[%clk
00:00:58]} {[%emt 00:00:05]} Kg5 {[%clk 00:40:08]} {[%emt 00:00:11]} 88. h7
{[%clk 00:00:34]} {[%emt 00:00:53]} Rh4 {[%clk 00:40:32]} {[%emt 00:00:06]} 89.
Rxe5 {[%clk 00:00:52]} {[%emt 00:00:13]} Kf6 {[%clk 00:40:58]} {[%emt
00:00:03]} 90. Re3 {[%clk 00:01:08]} {[%emt 00:00:14]} Rxh7 {[%clk 00:41:25]}
{[%emt 00:00:04]} 91. Rh3 {[%clk 00:01:34]} {[%emt 00:00:04]} 1/2-1/2

[Event "GS Open"]
[Site "Riga, Latvia"]
[Date "2021.11.03"]
[Round "7.29"]
[White "Saric Ivan  (CRO)"]
[Black "Ter-Sahakyan Samvel  (ARM)"]
[Result "0-1"]
[WhiteElo "2644"]
[BlackElo "2607"]

1. e4 {[%clk 01:40:57]} {[%emt 00:00:02]} c5 {[%clk 01:40:50]} {[%emt
00:00:10]} 2. Nf3 {[%clk 01:41:22]} {[%emt 00:00:04]} d6 {[%clk 01:41:16]}
{[%emt 00:00:04]} 3. d4 {[%clk 01:41:45]} {[%emt 00:00:07]} cxd4 {[%clk
01:41:41]} {[%emt 00:00:06]} 4. Nxd4 {[%clk 01:42:12]} {[%emt 00:00:03]} Nf6
{[%clk 01:42:04]} {[%emt 00:00:06]} 5. Nc3 {[%clk 01:42:38]} {[%emt 00:00:03]}
a6 {[%clk 01:42:29]} {[%emt 00:00:05]} 6. Be3 {[%clk 01:42:20]} {[%emt
00:00:49]} e5 {[%clk 01:42:42]} {[%emt 00:00:17]} 7. Nb3 {[%clk 01:42:45]}
{[%emt 00:00:05]} Be7 {[%clk 01:42:57]} {[%emt 00:00:15]} 8. f3 {[%clk
01:42:54]} {[%emt 00:00:21]} Be6 {[%clk 01:43:12]} {[%emt 00:00:14]} 9. Qd2
{[%clk 01:43:21]} {[%emt 00:00:04]} h5 {[%clk 01:43:34]} {[%emt 00:00:08]} 10.
Nd5 {[%clk 01:40:20]} {[%emt 00:03:32]} Nxd5 {[%clk 01:43:51]} {[%emt
00:00:13]} 11. exd5 {[%clk 01:40:45]} {[%emt 00:00:04]} Bf5 {[%clk 01:44:13]}
{[%emt 00:00:08]} 12. Be2 {[%clk 01:40:33]} {[%emt 00:00:42]} a5 {[%clk
01:43:52]} {[%emt 00:00:51]} 13. a4 {[%clk 01:40:55]} {[%emt 00:00:08]} O-O
{[%clk 01:44:06]} {[%emt 00:00:16]} 14. O-O {[%clk 01:40:26]} {[%emt 00:01:00]}
Nd7 {[%clk 01:44:24]} {[%emt 00:00:12]} 15. f4 {[%clk 01:32:05]} {[%emt
00:08:51]} exf4 {[%clk 01:44:27]} {[%emt 00:00:26]} 16. Bxf4 {[%clk 01:30:02]}
{[%emt 00:02:33]} Rc8 {[%clk 01:44:24]} {[%emt 00:00:32]} 17. c3 {[%clk
01:30:10]} {[%emt 00:00:23]} Nf6 {[%clk 01:08:49]} {[%emt 00:36:05]} 18. Be3
{[%clk 01:21:55]} {[%emt 00:08:45]} Bg6 {[%clk 01:00:08]} {[%emt 00:09:11]} 19.
c4 {[%clk 01:15:29]} {[%emt 00:06:56]} Re8 {[%clk 00:39:28]} {[%emt 00:21:11]}
20. Bd4 {[%clk 01:15:18]} {[%emt 00:00:40]} b6 {[%clk 00:34:07]} {[%emt
00:05:51]} 21. Bd3 {[%clk 01:14:07]} {[%emt 00:01:41]} Bxd3 {[%clk 00:13:04]}
{[%emt 00:21:33]} 22. Qxd3 {[%clk 01:14:07]} {[%emt 00:00:31]} Nd7 {[%clk
00:13:30]} {[%emt 00:00:03]} 23. Bxg7 {[%clk 00:43:23]} {[%emt 00:31:14]} Kxg7
{[%clk 00:13:56]} {[%emt 00:00:04]} 24. Nd4 {[%clk 00:42:17]} {[%emt 00:01:36]}
Bf6 {[%clk 00:11:29]} {[%emt 00:02:57]} 25. Nf5+ {[%clk 00:34:06]} {[%emt
00:08:41]} Kf8 {[%clk 00:11:51]} {[%emt 00:00:07]} 26. Qh3 {[%clk 00:31:32]}
{[%emt 00:03:05]} Rxc4 {[%clk 00:07:32]} {[%emt 00:04:50]} 27. Qxh5 {[%clk
00:29:18]} {[%emt 00:02:43]} Re5 {[%clk 00:07:34]} {[%emt 00:00:28]} 28. Qh6+
{[%clk 00:27:42]} {[%emt 00:02:06]} Kg8 {[%clk 00:07:58]} {[%emt 00:00:05]} 29.
Ra3 {[%clk 00:27:53]} {[%emt 00:00:19]} Rg4 {[%clk 00:07:49]} {[%emt 00:00:39]}
30. Rh3 {[%clk 00:20:14]} {[%emt 00:08:10]} Rg6 {[%clk 00:08:07]} {[%emt
00:00:11]} 31. Qh7+ {[%clk 00:18:05]} {[%emt 00:02:39]} Kf8 {[%clk 00:08:35]}
32. Rhf3 {[%clk 00:14:06]} {[%emt 00:04:30]} Qe8 {[%clk 00:03:56]} {[%emt
00:05:09]} 33. Nh4 {[%clk 00:10:50]} {[%emt 00:03:46]} Rg4 {[%clk 00:02:01]}
{[%emt 00:02:26]} 34. Nf5 {[%clk 00:03:47]} {[%emt 00:07:33]} Re1 {[%clk
00:01:46]} {[%emt 00:00:45]} 35. Nxd6 {[%clk 00:02:27]} {[%emt 00:01:49]} Qe7
{[%clk 00:02:07]} {[%emt 00:00:09]} 36. Nf5 {[%clk 00:02:24]} {[%emt 00:00:34]}
Qc5+ {[%clk 00:02:23]} {[%emt 00:00:14]} 37. Kh1 {[%clk 00:02:35]} {[%emt
00:00:19]} Qc1 {[%clk 00:02:03]} {[%emt 00:00:48]} 38. Kg1 {[%clk 00:02:21]}
{[%emt 00:00:46]} Ne5 {[%clk 00:01:44]} {[%emt 00:00:49]} 39. R3f2 {[%clk
00:02:26]} {[%emt 00:00:25]} Rxf1+ {[%clk 00:01:49]} {[%emt 00:00:25]} 40. Rxf1
{[%clk 00:02:53]} {[%emt 00:00:03]} Nf3+ {[%clk 00:02:07]} {[%emt 00:00:12]} 41.
Kf2 {[%clk 00:03:16]} {[%emt 00:00:07]} Qd2+ {[%clk 00:02:21]} {[%emt
00:00:17]} 42. Kxf3 {[%clk 00:03:41]} {[%emt 00:00:05]} Qxg2+ {[%clk 00:02:42]}
{[%emt 00:00:08]} 0-1